01011nas a2200241Ia 4500001001100000003000900011008004100020040001300061040001300074041001300087100003800100210001700138222001700155245009900172250001100271260003900282501008600321300001000407310001700417362003900434500026000473650003600733R010/67309IT-RoPAU151124c99999999xx |||||||||||| ||und|| aIT-RoPAU cIT-RoPAU aITALIANO aAA.VV. gCodice Aut. SPICS: 12000 aCINEMA NUOVO aCinema Nuovo aCINEMA NUOVO, ANNO 02-N.005 (15 FEBBRAIO 1953)bCinema Nuovo, Anno 02-N.005 (15 Febbraio 1953) a1a ed. aVICENZAbSCUOLA DI ARZIGNANOc1953 bPaulus - SPICS - Società San Paolo EM (non-commercial uses only)cCopyright2015 a32 p. aQUINDICINALE aANNO 002, N.005 (15 FEBBRAIO 1953) aNotizie Sul Cinema. Diario di Zavattini. Film Olandesi Sulla Ricostruzionedopo la Guerra. Inchiesta Sugli Effetti della Critica Sul Successo di un Film. Film Come Divertimento della Domenica. Schede e Recensione dei Film: un Treno Va in Oriente di Juli Ra aCINEMAvPUBBLICAZIONE PERIODICA